000
00244 a2200097 4500
001
49448
100
_a
Mardrus
245
_a
Book of the Thousand Nights & one Night (Vol-3)
260
_a
London
_b
Rautledge & Kagen Ltd
_c
090
_c
31982
_d
31982
942
_a
NUST-CAE
_c
M
_c
24427
999
_c
284521
_d
284521